000 00642nam a2200277Ia 4500
005 20260324135736.0
008 008 260324s9999 xx 000 0 eng d
020 _a9781315192376
037 _aEBOOK
040 _aCRL
040 _beng
040 _cCRL
041 _2eng
041 _aeng
084 _qCRL
100 _aG.W.A. Milne
_91201732
245 0 _aAshgate Handbook of Autineoplastic Agents
260 _bTaylor and Francis
260 _c2000
365 _a
365 _b115
856 _uhttp://www.taylorfrancis.com/books/9781315192376
942 _cEBOOK
999 _c1803135
_d1803135